| 000 | 00386nam a2200109Ia 4500 | ||
|---|---|---|---|
| 008 | 240129s9999 xx 000 0 und d | ||
| 100 | _aRAWAT, NIDHI | ||
| 245 | 0 | _aEFFECTIVENESS OF CONVERGENCE MODEL TOWARDS SKILL INDIA MISSION IN RELATION TO BRIDGE THE DEMOGRAPHIC SKILL GAPS IN APPAREL SECTOR | |
| 260 |
_bMEWAR UNIVERSITY, CHITTORGARH _c2021 |
||
| 650 | _aHome Science | ||
| 942 | _cTHE | ||
| 999 |
_c218976 _d218976 |
||